| 000 | 00435nam a2200157Ia 4500 | ||
|---|---|---|---|
| 008 | 210719s1902 xx 000 0 und d | ||
| 041 | _aeng | ||
| 082 | _a516.24 HALS | ||
| 100 | _aHALL (H S) | ||
| 245 | _aSolutions of the examples in Hall and Knight's elementry. | ||
| 260 |
_aNY _bMacmillan & Co. Ltd. _c1902 |
||
| 300 |
_a311 _bHB |
||
| 365 | _cRs | ||
| 650 | _aGeometry | ||
| 906 | _aSolutions examples Hall Knights trigonometry | ||
| 999 |
_c212878 _d212878 |
||